Statistics for All 1M+ Cities in Indonesia

Click here to take the quiz!

General Stats

  • This quiz has been taken 328 times
  • The average score is 11 of 17

Answer Stats

ProvincePopulation (Millions)City Name% Correct
Capital Region30.6Jakarta
100%
West Java6.9Bandung
91%
East Java6Surabaya
89%
North Sumatra4Medan
85%
Bali1.51Denpasar
80%
Central Java2.2Semarang
75%
South Sulawesi1.86Makassar
74%
Special Region1.92Yogyakarta
73%
South Sumatra1.69Palembang
63%
East Java1.73Malang
60%
Riau Islands1.33Batam
58%
Central Java1.62Surakarta
55%
Lampung1.17Bandar Lampung
54%
Riau1.19Pekanbaru
53%
Banten1.13Serang
45%
West Java1.11Cirebon
25%
West Java1.18Karawang
13%

Score Distribution

Percentile by Number Answered

Percent of People with Each Score

Your Score History

You have not taken this quiz